Please come to my desk/ (Record no. 163574)

MARC details
000 -LEADER
fixed length control field 00572nam a2200181 4500
005 - DATE AND TIME OF LATEST TRANSACTION
control field 20190516150513.0
010 ## - LCCN (DPL NO)
LC control number ENG-125069
020 ## - INTERNATIONAL STANDARD BOOK NUMBER
International Standard Book Number 9789381615300
Terms of availability 150.00
035 ## - SYSTEM CONTROL NUMBER
System control number EN-108601
037 ## - SOURCE OF ACQUISITION
Source of stock number/acquisition DBAD/PUB
082 ## - DEWEY DECIMAL CLASSIFICATION NUMBER
Classification number 823.92
100 ## - MAIN ENTRY--PERSONAL NAME
Personal name Paul, Deepanjan
245 ## - TITLE STATEMENT
Title Please come to my desk/
Statement of responsibility, etc by Deepanjan Paul
260 ## - PUBLICATION, DISTRIBUTION, ETC. (IMPRINT)
Place of publication, distribution, etc New Dehi
Name of publisher, distributor, etc Pragatisheel Prakashan
Date of publication, distribution, etc 2013
270 ## - ADDRESS
Address N-3/25, 1st Floor, Mohan Garden
City New Delhi
Postal code 110059
Telephone number 9718206257
Electronic mail address pragatisheelprakashan@yahoo.in
300 ## - PHYSICAL DESCRIPTION
Extent 97p.
Dimensions 22cm.(Hb)
942 ## - ADDED ENTRY ELEMENTS (KOHA)
Source of classification or shelving scheme Dewey Decimal Classification
Item type English Books
Classification part 823.92
Call number suffix PAU
Holdings
Withdrawn status Lost status Not for loan Collection code Home library Current library Date acquired Source of acquisition Cost, normal purchase price Full call number Barcode Copy number Cost, replacement price Koha item type
    Not For Loan Non-fiction D.B.Act.Division Ashok Vihar 24/04/2019 DBAD/PUB 150.00 823.92 PAU EN-108601 1 150.00 English Books

© Delhi Public Library
Hit Counter
free hit counter